Music Quiz

Random Music or Rock Quiz

Pete Townshend's Lifehouse Track listing Quiz Stats

 Plays Quiz not verified by Sporcle

Score 0/24 Timer 04:00
0 Plays Today
% Correct
Baba O' Riley
86.2%
Won't Get Fooled Again
84.3%
Behind Blue Eyes
79.9%
Pure and Easy
70.4%
The Song is Over
70.4%
Bargain
69.8%
Love Ain't For Keeping
63.5%
Getting in Tune
59.1%
Teenage Wasteland
49.7%
Goin' Mobile
49.1%
Who Are You
42.8%
Join Together
39%
% Correct
Let's See Action
36.5%
Relay
36.5%
Too Much of Anything
33.3%
Mary
33.3%
I Don't Even Know Myself
30.2%
Time is Passing
28.9%
Sister Disco
27.7%
Put the Money Down
22.6%
Slip Kid
22.6%
Music Must Change
22%
Greyhound Girl
20.8%
Baba O' Riley Instrumental
8.2%

You're not logged in!

Compare scores with friends on all Sporcle quizzes.
OR
Log In

Sporcle TV

Today on Sporcle TV


Watch our educational content, quiz creation guides, and fun videos on Sporcle TV.

Show Comments

Extras

Top Quizzes Today


Score Distribution

Your Account Isn't Verified!

In order to create a playlist on Sporcle, you need to verify the email address you used during registration. Go to your Sporcle Settings to finish the process.

Report this User

Report this user for behavior that violates our Community Guidelines.

Details: